00657nam a22001817a 4500008004100000020002200041040005500063080001700118245005000135260005200185300001400237650001400251653001600265700002600281942001200307999001700319952013900336230515b |||||||| |||| 00| 0 eng d a978-0-521-87812-8 aNational Science LibrarycNational Science Library a551.4.06bP9 aGeomorphology and global environmental change aCambridge: bCambridge University Press, c2009 axv, 434p. aGeography aEnvironment aSlaymaker, Olav (Ed.) 2udccBK c29871d29871 00102udc406551406_P970944900aNSLbNSLcGF/Rk-9/C-22/R-4d2012-02-01l0o551.4.06 P9p251417r2023-05-15 00:00:00w2023-05-15yBK